History Quiz

Random History or War Quiz

5 Star US Officers Quiz Stats

 Plays Quiz Updated Feb 27, 2019

Score 0/14 Timer 06:00
7 Plays Today
War Name % Correct
Revolutionary WarGeorge Washington
94.7%
Civil WarUlysses S. Grant
90.4%
World War IIDwight D. Eisenhower
87.5%
World War IIDouglas MacArthur
60.6%
Civil WarWilliam T. Sherman
49.9%
World War IIChester W. Nimitz
49.4%
World War IJohn Pershing
46.8%
War Name % Correct
World War IIOmar Bradley
42.4%
World War IIGeorge Marshall
32.4%
World War IIWilliam F. Halsey
27.6%
Spanish-American WarGeorge Dewey
16.8%
World War IIHenry H. Arnold
16.3%
World War IIErnest D. King
12.9%
World War IIWilliam D. Leahy
8.1%

You're not logged in!

Compare scores with friends on all Sporcle quizzes.
OR
Log In

Sporcle TV

Today on Sporcle TV


Watch our educational content, quiz creation guides, and fun videos on Sporcle TV.

Show Comments

Extras

Top Quizzes Today


Score Distribution

Your Account Isn't Verified!

In order to create a playlist on Sporcle, you need to verify the email address you used during registration. Go to your Sporcle Settings to finish the process.

Report this User

Report this user for behavior that violates our Community Guidelines.

Details: